00690nam a2200181Ia 4500001001000000003000500010008004100015010001100056040000900067100003700076245015500113260003400268300001100302502009900313650002000412650002600432710005000458Para_5636CHAP220125s2001 xx 000 0 und d a203616 cCHAP aLuna Hernández, Jacovo Bernave aPlagas insectiles de importancia cuarentenaria en el cultivo de cocotero (Cocos nucifera Linneo) para México /c por Jacovo Bernave Luna Hernández aChapingo, Méx. :b el autor a131 h. aTesis (Ing Agr. Esp. Parasitología Agrícola) UACh. Departamento Parasitología Agrícola aCoco x plagas  aPlantas x cuarentena aUACh. Departamento Parasitología Agrícola